000
00267nam a2200121Ia 4500
008
241002s9999 xx 000 0 und d
082
_a
808.85 KAY
100
_a
Kayani, M.R
245
0
_a
Half Truths
260
_a
Lahore:
_c
1968
600
_a
Literature
942
_c
UC
999
_c
18438
_d
18438